| 000 | 00702nam a2200157 4500 | ||
|---|---|---|---|
| 999 |
_c16365 _d16365 |
||
| 008 | 220118b ||||| |||| 00| 0 eng d | ||
| 022 | _a0893-8989 | ||
| 082 | _aDPer 363.205 P75 Sept 2013-May 2016 v. 37 & 40, n. 9-11/1-5 | ||
| 100 |
_aGeorge, A. J. _943816 |
||
| 245 |
_aEtymotic research EB15-LE electronic earplugs: _betymotic's new "ears" cut 25 decibels off of sharp noises, but allow you to hear conversations on the range/ _cA. J. George. |
||
| 260 |
_aCalifornia: _bBobit Business Media, _c©Sept 2013-May 2016. |
||
| 300 |
_av37 n9, page 62; _billustrations; _c27 cm. |
||
| 500 | _aPolice: the law enforcement magazine. | ||
| 650 |
_aPolice _xEquipment and supplies. _943817 |
||
| 942 |
_2ddc _cPER |
||